000 00432nmm a2200145Ia 4500
008 251105s9999||||xx |||||||||||||||||und||
041 _aspa
100 _aSánchez Blanco, Mario
245 0 _aBuscando el horizonte
264 _a[Madrid, España] :
_bEditorial Club Universitario: ECU,
_c2017
300 _a123 páginas
650 _aSpanish narrative
856 _uhttps://public.digitaliapublishing.com/a/171597
942 _cCF
999 _c106337
_d106337